[Event "Lovsprings op 07th D"]
[Site "Ringsted"]
[Date "1995.04.28"]
[Round "5"]
[White "Hansen, Ole"]
[Black "Hagen, Flemming"]
[Result "1-0"]
[WhiteElo "1457"]
[BlackElo "1459"]
[PlyCount "99"]
[EventDate "1995.03.10"]
[EventType "swiss"]
[EventRounds "7"]
[EventCountry "DEN"]
[SourceTitle "EXT 2023"]
[Source "ChessBase"]
[SourceDate "2022.10.05"]
[SourceVersion "1"]
[SourceVersionDate "2022.10.05"]
[SourceQuality "1"]

1. d4 f5 2. Nf3 Nf6 3. c4 e6 4. Bg5 Be7 5. Nc3 d6 6. e3 Nbd7 7. Bd3 h6 8. Bf4 0-0 9. h4 Nh5 10. Bh2 Ndf6 11. Qc2 Ng4 12. 0-0-0 Bxh4 13. Bxd6 Bxf2 14. Bxf8 Bxe3+ 15. Kb1 Nf2 16. Rxh5 Nxd1 17. Nxd1 Bxd4 18. Bb4 a5 19. Nxd4 Qxd4 20. Bc3 Qg4 21. Qe2 Qxe2 22. Bxe2 Bd7 23. g4 Re8 24. g5 hxg5 25. Rxg5 e5 26. Bd3 g6 27. Rxg6+ Kf7 28. Rg1 b6 29. Be2 Re7 30. Ne3 f4 31. Ng4 Bxg4 32. Rxg4 Ke6 33. Bf3 Kf5 34. Bd2 Rd7 35. Rg2 Re7 36. Re2 e4 37. Be1 Re6 38. Bxe4+ Rxe4 39. Rxe4 Kxe4 40. c5 Ke3 41. cxb6 cxb6 42. Kc2 Ke2 43. Bh4 f3 44. Kc3 f2 45. Bxf2 Kxf2 46. Kc4 Ke3 47. Kb5 Kd3 48. Kxb6 Kc2 49. Kxa5 Kxb2 50. a4 1-0

[Event "Lovsprings op 06th D"]
[Site "Ringsted"]
[Date "1994.05.22"]
[Round "7"]
[White "Hansen, Ole"]
[Black "Hagen, Flemming"]
[Result "1-0"]
[WhiteElo "1463"]
[BlackElo "1459"]
[PlyCount "93"]
[EventDate "1994.03.27"]
[EventType "swiss"]
[EventRounds "7"]
[EventCountry "DEN"]
[SourceTitle "EXT 2023"]
[Source "ChessBase"]
[SourceDate "2022.10.05"]
[SourceVersion "1"]
[SourceVersionDate "2022.10.05"]
[SourceQuality "1"]

1. d4 f5 2. Nf3 Nf6 3. c4 e6 4. Bg5 Be7 5. Nc3 d6 6. e3 Nbd7 7. Bd3 0-0 8. h4 Ng4 9. Qc2 h6 10. Bf4 Qe8 11. Nh2 Nxh2 12. Rxh2 a6 13. 0-0-0 Nf6 14. Rg1 Bd7 15. Be2 b5 16. c5 b4 17. Nb1 dxc5 18. dxc5 Nd5 19. Be5 Ba4 20. b3 Bb5 21. g4 Bf6 22. Bxf6 Rxf6 23. g5 hxg5 24. hxg5 Rf8 25. g6 Rf6 26. Rgh1 Qxg6 27. Rh8+ Kf7 28. Bh5 Rxh8 29. Bxg6+ Rxg6 30. Rxh8 Rg1+ 31. Kb2 Rg2 32. Rh3 g5 33. e4 Nf4 34. Rh7+ Kg6 35. Rxc7 Rxf2 36. Nd2 Bd3 37. exf5+ Kxf5 38. Qd1 Kf6 39. Ka1 Nd5 40. Ra7 Ne3 41. Qc1 g4 42. Rxa6 Nc2+ 43. Kb2 g3 44. Ra8 Ke7 45. Ra7+ Kd8 46. Qh1 Rh2 47. Qa8# 1-0

[Event "Lovsprings op 06th D"]
[Site "Ringsted"]
[Date "1994.04.10"]
[Round "3"]
[White "Hojlund, Ib"]
[Black "Hagen, Flemming"]
[Result "1-0"]
[WhiteElo "1540"]
[BlackElo "1459"]
[PlyCount "91"]
[EventDate "1994.03.27"]
[EventType "swiss"]
[EventRounds "7"]
[EventCountry "DEN"]
[SourceTitle "EXT 2023"]
[Source "ChessBase"]
[SourceDate "2022.10.05"]
[SourceVersion "1"]
[SourceVersionDate "2022.10.05"]
[SourceQuality "1"]

1. e4 e5 2. Nf3 Nc6 3. Bb5 a6 4. Ba4 Nf6 5. 0-0 b5 6. Bb3 Bc5 7. Re1 d6 8. c3 0-0 9. Bc2 h6 10. h3 Bb6 11. a3 Ne7 12. d4 Ng6 13. Be3 Qe7 14. Nbd2 c5 15. d5 Nh7 16. b4 f5 17. exf5 Bxf5 18. Ne4 Nf4 19. Bxf4 Bxe4 20. Rxe4 Rxf4 21. Rxf4 exf4 22. Qd3 Nf8 23. Re1 Qf6 24. c4 bxc4 25. Qxc4 g5 26. Nh2 h5 27. a4 cxb4 28. Qxb4 Qd4 29. Qxd4 Bxd4 30. Nf3 Bf6 31. Bd3 a5 32. Rc1 g4 33. hxg4 hxg4 34. Nh2 g3 35. Nf3 Rb8 36. Bb5 Rb7 37. Rc6 Be5 38. Ra6 Nd7 39. fxg3 fxg3 40. Kf1 Nc5 41. Rxa5 Kg7 42. Ke2 Bf4 43. Ra8 Re7+ 44. Kd1 Re4 45. Kc2 Re2+ 46. Bxe2 1-0